La P.E.B. expliquě

Detalles Bibliográficos
Autor principal: Hauglustaine, Jean-Marie
Otros Autores: Delnoy, Michel
Formato: eBook
Lenguaje:francés
Publicado: [Bľgica] : Edipro, 2009.
Materias:
Acceso en línea:Acceso restringido

MARC

LEADER 00000nam a22000007a 4500
005 20110919112330.0
008 110919s2009 be ||||s|||| 00| 0 fre d
020 |a 978-2-87496-012-3 
035 |a 4821 
040 |a vLex 
090 |c 2496  |d 2496 
100 1 |a Hauglustaine, Jean-Marie 
245 1 0 |a La P.E.B. expliquě  |h [Recurso electrn̤ico] /  |c Jean-Marie Hauglustaine, Michel Delnoy 
256 |a Servicio en ln̕ea. 
260 |a [Bľgica] :  |b Edipro,  |c 2009. 
300 |a 1 recurso electrn̤ico 
506 1 |a Contenido solo disponible en los productos indicados  |d vLex Global  |d vLex Global (Academic Edition, excluding Law Schools)  |d vLex Global (U.S. Academic Edition, Law Schools)  |d vLex Global (U.S. Academic Edition, excluding Law Schools)  |d vLex Global (Academic Edition, Law Schools) 
650 0 4 |a Energa̕  |x Ahorro  |z Bľgica 
700 1 |a Delnoy, Michel 
740 0 |a vLex Libros (Servicio en ln̕ea) 
856 4 0 |u http://vlex.com/source/peb-expliquee-4821  |z Acceso restringido 
942 |c BOOK